000 01507nam a2200289 a 4500
001 BRCA_4901
005 20190320204842.0
008 201010s1824----uk-#######---#000-0#spa-#
041 _aspa
044 _aUk
084 _aDOC7
_b.M53
_c1824
100 1 _aMichelena, José Mariano
_d1772-1852
_912418
245 1 0 _aDocumento firmado por Don José Mariano Michelena
_cJosé Mariano Michelena ; Nicolás Bravo ; Juan Nepomuceno Almonte.
260 _aLondres
_c1824
300 _a[4] fojas
_c23 x 18 cm.
500 _aDocumento firmado el 31 de agosto de 1824.
500 _aDocumento de Don José Mariano Michelena fechado en Londres, dirigido a Don Nicolás Bravo y remitida a través del Teniente Coronel Almonte, quien regresa a México. En ella, Michelena le da cuenta a Bravo de la favorable situación de nuestro país como “depósito de la abundancia ante el mundo extranjero´ y hace votos para que en México impere la cordura y legalidad a través del grupo liberal.
500 _aEl documento contiene la leyenda DOC. #16.
506 0 _aFondo Reservado. Para su consulta es necesario credencial de usuario y carta de motivos.
546 _aTexto en: español de principios del siglo XIX.
600 1 4 _aMichelena, José Mariano
_d1772-1852
_xHistoria
_912419
651 4 _aMéxico
_xHistoria
_yPrimeros gobiernos independientes,1821-1824
_912420
700 1 _aBravo, Nicolás
_d1786-1854
_912408
700 1 _aAlmonte, Juan Nepomuceno
_d1803-1869
_912421
902 _aFDH
942 _2lcc
_cD
999 _c4595
_d4595